[Event "TUR Cup"]
[Site "Denizli"]
[Date "2023.07.22"]
[Round "9"]
[White "Adiguzel, Hakan"]
[Black "Asikoglu, Engin Can"]
[Result "0-1"]
[WhiteElo "1363"]
[BlackElo "1522"]
[PlyCount "122"]
[EventDate "2023.07.16"]
[EventType "team-tourn"]
[EventRounds "9"]
[EventCountry "TUR"]
[SourceTitle "CBM 215 Extra"]
[Source "ChessBase"]
[SourceDate "2023.09.30"]
[SourceVersion "1"]
[SourceVersionDate "2023.09.30"]
[SourceQuality "1"]

1. e4 c5 2. Nf3 Nc6 3. d4 cxd4 4. Nxd4 g6 5. Nc3 Bg7 6. Be3 Nf6 7. Bc4 0-0 8. Bb3 Qa5 9. 0-0 d6 10. h3 Bd7 11. Re1 Rac8 12. f4 a6 13. Nd5 Qd8 14. Nxc6 Bxc6 15. Bb6 Qd7 16. Nxf6+ exf6 17. c3 Rfe8 18. Qd3 Qe7 19. Bd5 Bxd5 20. Qxd5 Bh6 21. g3 Qe6 22. Kg2 Rc6 23. Bd4 f5 24. Qxe6 fxe6 25. exf5 gxf5 26. Re2 e5 27. fxe5 dxe5 28. Rae1 Bg7 29. Rf2 Rf8 30. Bxe5 Re8 31. Rxf5 Rce6 32. Bxg7 Rxe1 33. Bd4 R8e2+ 34. Rf2 b5 35. b4 Rxf2+ 36. Kxf2 Ra1 37. h4 Kf7 38. Kf3 Rxa2 39. g4 Ra1 40. g5 Rh1 41. Kg4 Kg6 42. Bb6 Rh2 43. Bd4 Rg2+ 44. Kh3 Re2 45. Kg4 Re4+ 46. Kg3 Kh5 47. Bf6 Rxh4 48. Kf3 Rg4 49. Ke3 Rxg5 50. Bxg5 Kxg5 51. Kd4 h5 52. Kc5 h4 53. Kb6 h3 54. Kxa6 h2 55. Kxb5 h1Q 56. c4 Qb7+ 57. Kc5 Kf6 58. b5 Ke6 59. b6 Kd7 60. Kb5 Qc6+ 61. Ka6 Kc8 0-1

[Event "TUR Cup"]
[Site "Denizli"]
[Date "2023.07.20"]
[Round "7"]
[White "Kilic, Nurullah"]
[Black "Adiguzel, Hakan"]
[Result "0-1"]
[WhiteElo "1667"]
[BlackElo "1363"]
[PlyCount "84"]
[EventDate "2023.07.16"]
[EventType "team-tourn"]
[EventRounds "9"]
[EventCountry "TUR"]
[SourceTitle "CBM 215 Extra"]
[Source "ChessBase"]
[SourceDate "2023.09.30"]
[SourceVersion "1"]
[SourceVersionDate "2023.09.30"]
[SourceQuality "1"]

1. e4 c5 2. Nf3 e6 3. d4 cxd4 4. Nxd4 a6 5. Nc3 Qc7 6. Be2 b5 7. 0-0 Bb7 8. Bf3 Nc6 9. Re1 Ne5 10. a3 Nxf3+ 11. Nxf3 d6 12. Bf4 Nf6 13. Bg3 Be7 14. Qd2 0-0 15. Rad1 Rfd8 16. Nd4 Nh5 17. Qd3 Nxg3 18. Qxg3 Rac8 19. f4 Qb6 20. Kh1 Bf6 21. Nb3 b4 22. axb4 Qxb4 23. f5 exf5 24. Qf4 Bxc3 25. bxc3 Qxc3 26. Qxf5 Qxc2 27. Nd4 Qc5 28. Qg4 Qe5 29. Nf5 Rc4 30. Ng3 a5 31. Qe2 Rdc8 32. Rb1 Rb4 33. Rbd1 a4 34. Qd2 Rb2 35. Qe3 Qc5 36. Rd4 Rb4 37. Nf5 Rxd4 38. Qg5 Qe5 39. Rf1 Rxe4 40. Nh6+ Kf8 41. Nxf7 Qxg5 42. Nxg5+ Kg8 0-1

[Event "TUR Cup"]
[Site "Denizli"]
[Date "2023.07.19"]
[Round "5"]
[White "Adiguzel, Hakan"]
[Black "Kiyak, Ali"]
[Result "1/2-1/2"]
[WhiteElo "1363"]
[BlackElo "1578"]
[PlyCount "30"]
[EventDate "2023.07.16"]
[EventType "team-tourn"]
[EventRounds "9"]
[EventCountry "TUR"]
[SourceTitle "CBM 215 Extra"]
[Source "ChessBase"]
[SourceDate "2023.09.30"]
[SourceVersion "1"]
[SourceVersionDate "2023.09.30"]
[SourceQuality "1"]

1. e4 e5 2. Nf3 Nc6 3. Bb5 a6 4. Ba4 Nf6 5. 0-0 b5 6. Bb3 Nxe4 7. d4 d5 8. dxe5 Be6 9. c3 Bc5 10. Nbd2 0-0 11. Bc2 Nxf2 12. Rxf2 f6 13. exf6 Bxf2+ 14. Kxf2 Qxf6 15. Kg1 Rae8 1/2-1/2